[Event "29th CRO-chT Junior 2020"]
[Site "Cakovec"]
[Date "2020.07.16"]
[Round "5.15"]
[White "Bedic, Noemi"]
[Black "Tomljanovic, Ivano"]
[Result "1/2-1/2"]
[WhiteElo "1712"]
[BlackElo "1393"]
[Annotator "NA RC"]
[PlyCount "105"]
[EventDate "2020.07.14"]
[EventType "team-tourn"]
[EventCountry "CRO"]
[SourceTitle "playchess.com"]
[Source "ChessBase"]
[SourceQuality "1"]
[TimeControl "5400+30"]

1. e4 {[%emt 0:00:30]} e5 {[%emt 0:00:30]} 2. Nf3 {[%emt 0:00:00]} Nc6 {[%emt 0:00:00]} 3. Bb5 {[%emt 0:00:00]} d6 {[%emt 0:01:00]} 4. d4 {[%emt 0:00:00]} exd4 {[%emt 0:00:30]} 5. Nxd4 {[%emt 0:00:00]} Bd7 {[%emt 0:00:00]} 6. O-O {[%emt 0:00:00]} Nf6 {[%emt 0:00:00]} 7. Bxc6 {[%emt 0:00:00]} Bxc6 {[%emt 0:00:30]} 8. Nxc6 {[%emt 0:00:30]} bxc6 {[%emt 0:00:30]} 9. Qf3 {[%emt 0:00:00]} Qd7 {[%emt 0:01:30]} 10. b3 {[%emt 0:00:00]} Be7 {[%emt 0:00:00]} 11. Bb2 {[%emt 0:00:30]} O-O {[%emt 0:00:00]} 12. h3 {[%emt 0:00:30]} Qe6 {[%emt 0:05:30]} 13. Nd2 {[%emt 0:05:30]} Nd7 {[%emt 0:01:30]} 14. Rfe1 {[%emt 0:03:30]} Bf6 {[%emt 0:01:30]} 15. Bxf6 {[%emt 0:01:30]} Nxf6 {[%emt 0:00:30]} 16. Nc4 {[%emt 0:01:30]} Nd7 {[%emt 0:03:30]} 17. Qc3 {[%emt 0:04:30]} f5 {[%emt 0:04:30]} 18. exf5 {[%emt 0:04:30]} Qxf5 {[%emt 0:00:30]} 19. Re2 {[%emt 0:03:30]} Rf7 {[%emt 0:01:30]} 20. Ne3 {[%emt 0:06:30]} Qc5 {[%emt 0:04:30]} 21. Qxc5 {[%emt 0:02:30]} Nxc5 {[%emt 0:00:00]} 22. Nc4 Nd7 {[%emt 0:01:00]} 23. Rae1 {[%emt 0:03:00]} Kf8 {[%emt 0:01:30]} 24. Na5 {[%emt 0:02:30]} Ne5 {[%emt 0:00:30]} 25. Re4 {[%emt 0:01:30]} c5 {[%emt 0:02:30]} 26. f4 {[%emt 0:02:30]} Ng6 {[%emt 0:00:30]} 27. g3 {[%emt 0:00:30]} Ne7 {[%emt 0:02:30]} 28. Re6 {[%emt 0:07:30]} g6 {[%emt 0:02:30]} 29. Nc4 {[%emt 0:00:30]} Nc6 {[%emt 0:01:30]} 30. c3 {[%emt 0:02:30]} Re7 {[%emt 0:02:30]} 31. Rxe7 Nxe7 {[%emt 0:00:00]} 32. Ne3 {[%emt 0:10:00]} h5 {[%emt 0:05:00]} 33. c4 {[%emt 0:00:30]} Kf7 {[%emt 0:03:30]} 34. Kf2 {[%emt 0:03:30]} a5 {[%emt 0:00:30]} 35. Rb1 {[%emt 0:03:30]} Rb8 {[%emt 0:01:30]} 36. g4 {[%emt 0:01:30]} hxg4 {[%emt 0:01:30]} 37. hxg4 {[%emt 0:00:00]} Rh8 {[%emt 0:00:00]} 38. Kg3 {[%emt 0:00:00]} Kg7 {[%emt 0:02:00]} 39. Rf1 {[%emt 0:01:30]} Kf6 {[%emt 0:05:30]} 40. f5 {[%emt 0:00:30]} gxf5 {[%emt 0:02:30]} 41. Nxf5 {[%emt 0:00:30]} Nxf5+ {[%emt 0:00:30]} 42. Rxf5+ {[%emt 0:01:30]} Kg6 {[%emt 0:00:30]} 43. Rf2 {[%emt 0:03:30]} Re8 {[%emt 0:01:30]} 44. Kf4 {[%emt 0:02:30]} Rf8+ {[%emt 0:00:30]} 45. Ke3 {[%emt 0:00:00]} Rxf2 {[%emt 0:01:30]} 46. Kxf2 {[%emt 0:00:00]} Kg5 {[%emt 0:00:00]} 47. Kg3 {[%emt 0:01:30]} c6 {[%emt 0:00:00]} 48. a3 {[%emt 0:00:30]} d5 {[%emt 0:00:30]} 49. cxd5 {[%emt 0:00:30]} cxd5 {[%emt 0:00:00]} 50. Kf3 {[%emt 0:00:00]} d4 {[%emt 0:02:00]} 51. Ke4 {[%emt 0:00:00]} Kxg4 {[%emt 0:00:30]} 52. Kd3 {[%emt 0:00:30]} Kf4 {[%emt 0:00:30]} 53. b4 {[%emt 0:01:30]} 1/2-1/2

[Event "29th CRO-chT Junior 2020"]
[Site "Cakovec"]
[Date "2020.07.16"]
[Round "5.16"]
[White "Kresic, Vid"]
[Black "Jaksic, Josip"]
[Result "1/2-1/2"]
[WhiteElo "1216"]
[BlackElo "1616"]
[Annotator "NA RC"]
[PlyCount "117"]
[EventDate "2020.07.14"]
[EventType "team-tourn"]
[EventCountry "CRO"]
[SourceTitle "playchess.com"]
[Source "ChessBase"]
[SourceQuality "1"]
[TimeControl "5400+30"]

1. d4 {[%emt 0:00:30]} Nf6 {[%emt 0:00:30]} 2. Nf3 {[%emt 0:00:00]} e6 {[%emt 0:00:00]} 3. Bf4 {[%emt 0:00:00]} d5 {[%emt 0:00:00]} 4. e3 {[%emt 0:01:30]} Bd6 {[%emt 0:00:30]} 5. Bg3 {[%emt 0:00:00]} O-O {[%emt 0:01:30]} 6. Nc3 {[%emt 0:01:00]} a6 {[%emt 0:01:30]} 7. Bxd6 {[%emt 0:04:30]} Qxd6 {[%emt 0:00:30]} 8. Bd3 {[%emt 0:00:30]} b6 {[%emt 0:06:30]} 9. Ne2 {[%emt 0:03:30]} c5 {[%emt 0:00:30]} 10. c3 {[%emt 0:01:30]} Nc6 {[%emt 0:00:30]} 11. Ng3 {[%emt 0:00:30]} e5 {[%emt 0:07:30]} 12. dxe5 {[%emt 0:00:30]} Nxe5 {[%emt 0:01:30]} 13. Be2 {[%emt 0:02:30]} Qc7 {[%emt 0:04:30]} 14. O-O {[%emt 0:02:30]} Bb7 {[%emt 0:07:30]} 15. Nxe5 {[%emt 0:01:30]} Qxe5 {[%emt 0:00:30]} 16. Bf3 {[%emt 0:00:30]} Rfd8 {[%emt 0:05:30]} 17. Qb3 {[%emt 0:00:30]} Rd6 {[%emt 0:00:30]} 18. Rad1 {[%emt 0:02:30]} Rad8 {[%emt 0:01:30]} 19. Rfe1 {[%emt 0:01:30]} h6 {[%emt 0:05:30]} 20. a4 {[%emt 0:03:30]} Ne4 {[%emt 0:01:30]} 21. Bxe4 {[%emt 0:02:30]} dxe4 {[%emt 0:00:30]} 22. Rxd6 {[%emt 0:00:00]} Rxd6 {[%emt 0:00:30]} 23. a5 {[%emt 0:00:00]} b5 {[%emt 0:01:30]} 24. Rd1 {[%emt 0:02:30]} c4 {[%emt 0:02:30]} 25. Qc2 {[%emt 0:00:30]} Rg6 {[%emt 0:04:30]} 26. Rd4 {[%emt 0:02:30]} Qg5 {[%emt 0:03:30]} 27. Qe2 {[%emt 0:02:30]} Qe5 {[%emt 0:11:30]} 28. Qh5 {[%emt 0:01:30]} Qc7 {[%emt 0:03:30]} 29. Qh4 {[%emt 0:02:30]} Qxa5 {[%emt 0:03:30]} 30. Qd8+ {[%emt 0:00:30]} Qxd8 {[%emt 0:00:30]} 31. Rxd8+ {[%emt 0:00:30]} Kh7 {[%emt 0:00:00]} 32. Nf5 {[%emt 0:00:30]} Rf6 {[%emt 0:02:00]} 33. Nd4 {[%emt 0:01:30]} g5 {[%emt 0:06:53]} 34. Rb8 {[%emt 0:02:30]} Bd5 {[%emt 0:02:38]} 35. Rd8 {[%emt 0:00:30]} Bc6 {[%emt 0:01:37]} 36. Rb8 {[%emt 0:01:30]} Bd7 {[%emt 0:00:46]} 37. Rb7 {[%emt 0:01:30]} Rd6 {[%emt 0:03:47]} 38. h3 {[%emt 0:00:30]} Kg6 {[%emt 0:00:37]} 39. Kf1 {[%emt 0:00:30]} f5 {[%emt 0:05:08]} 40. Ke2 {[%emt 0:00:30]} f4 {[%emt 0:01:12]} 41. Ra7 {[%emt 0:03:30]} Kf6 {[%emt 0:01:42]} 42. Ra8 {[%emt 0:01:30]} Kf7 {[%emt 0:00:22]} 43. Ra7 {[%emt 0:00:30]} Kg6 {[%emt 0:00:33]} 44. Ra8 {[%emt 0:00:30]} Kg7 {[%emt 0:01:31]} 45. Ra7 {[%emt 0:00:30]} Kf7 {[%emt 0:00:19]} 46. Rb7 {[%emt 0:00:30]} Kg6 {[%emt 0:00:23]} 47. Rb8 {[%emt 0:01:30]} Rf6 {[%emt 0:00:36]} 48. Rb7 {[%emt 0:00:00]} Rd6 {[%emt 0:01:50]} 49. Ra7 {[%emt 0:00:00]} Kf6 {[%emt 0:00:28]} 50. Ra8 {[%emt 0:01:30]} Ke7 {[%emt 0:00:38]} 51. Rh8 {[%emt 0:00:30]} Rf6 {[%emt 0:00:28]} 52. Ra8 {[%emt 0:01:30]} Rg6 {[%emt 0:01:04]} 53. g3 {[%emt 0:00:30]} fxg3 {[%emt 0:01:03]} 54. fxg3 {[%emt 0:00:30]} Bxh3 {[%emt 0:00:00]} 55. Ra7+ {[%emt 0:00:30]} Bd7 {[%emt 0:00:08]} 56. Nf5+ {[%emt 0:00:30]} Kd8 {[%emt 0:00:48]} 57. Ra8+ {[%emt 0:00:30]} Kc7 {[%emt 0:00:08]} 58. Ra7+ {[%emt 0:00:30]} Kd8 {[%emt 0:01:21]} 59. Ra8+ {[%emt 0:00:30]} 1/2-1/2

[Event "29th CRO-chT Junior 2020"]
[Site "Cakovec"]
[Date "2020.07.16"]
[Round "5.17"]
[White "Tomulic, Teo"]
[Black "Karlovcec, David"]
[Result "1-0"]
[WhiteElo "2359"]
[BlackElo "1655"]
[Annotator "TA"]
[PlyCount "63"]
[EventDate "2020.07.14"]
[EventType "team-tourn"]
[EventCountry "CRO"]
[SourceTitle "playchess.com"]
[Source "ChessBase"]
[SourceQuality "1"]

{[%evp 9,63,59,69,64,85,73,97,99,106,104,110,90,94,67,106,87,127,65,73,63,77,43,132,37,92,97,91,70,109,62,94,98,112,96,241,258,221,239,803,741,793,785,1651,1606,1479,1454,8807,5577,5094,4625,29988,29989,29989,29990,29994,29995]} 1. e4 c5 2. b4 e6 3. bxc5 Bxc5 4. d4 Bb4+ 5. c3 Ba5 6. Bd3 {B20: Sicilian: Unusual White 2nd moves.} Nf6 7. Nf3 {[#]} h6 $146 ({Predecessor:} 7... O-O 8. Bg5 h6 9. Bh4 d6 10. e5 g5 11. Nxg5 hxg5 12. Bxg5 Qc7 13. Bxf6 Bxc3+ 14. Kf1 Bxa1 15. Qg4# {1-0 (15) Urbanc,S (1691)-Ruzic,P Novo Mesto 2013}) 8. O-O {White is better.} d5 9. e5 Ng8 10. Bc2 Ne7 11. Qd3 Bd7 12. a4 a6 13. Na3 (13. Ba3 $16) 13... Bc6 14. Bd2 Nd7 15. Nb5 Bc7 (15... Nc8 $14) 16. h4 ({White should play} 16. Nxc7+ $16 Qxc7 17. Rfb1) 16... Nb6 (16... Bb8 $1 $14) 17. Nxc7+ $16 Qxc7 18. h5 Nc4 19. Nh4 b5 20. f4 bxa4 21. f5 Bb5 {Loses the game.} (21... Nxd2 $16 22. Qxd2 exf5) 22. fxe6 $18 fxe6 {[#]} 23. Ng6 $1 {[%cal Rg6h8]} Na3 $2 (23... Nxd2 24. Qxd2 Bxf1) 24. Bxa4 Bxa4 25. Rxa3 Bb5 {[#]} 26. Qxb5+ $1 {[%mdl 512]} axb5 27. Rxa8+ Kd7 28. Rxh8 Nf5 29. g4 Qc4 30. gxf5 {White mates.} Qd3 31. fxe6+ Kxe6 32. Nf4+ {Accuracy: White = 78%, Black = 31%.} 1-0

[Event "29th CRO-chT Junior 2020"]
[Site "Cakovec"]
[Date "2020.07.16"]
[Round "5.18"]
[White "Vidovic, Dominik"]
[Black "Radenic, Filip"]
[Result "1/2-1/2"]
[WhiteElo "1484"]
[BlackElo "2134"]
[Annotator "TA"]
[PlyCount "97"]
[EventDate "2020.07.14"]
[EventType "team-tourn"]
[EventCountry "CRO"]
[SourceTitle "playchess.com"]
[Source "ChessBase"]
[SourceQuality "1"]

{[%evp 9,97,-26,-9,-29,-31,-48,-58,-70,-22,-29,-22,-12,-16,-17,-9,-39,0,-14,-6,-67,-62,-72,-14,-12,0,-3,0,0,64,59,106,44,106,127,425,398,360,331,341,247,221,189,199,196,179,139,132,146,334,101,102,100,133,0,0,0,0,0,0,0,0,0,0,0,0,0,0,0,0,0,23,4,32,0,0,0,0,0,0,0,0,0,0,0,0,0,0,0,0,0]} 1. d4 Nf6 2. c4 e5 3. d5 a5 4. Nc3 {[#]} Na6 $146 ({Predecessor:} 4... Bc5 5. e4 d6 6. h3 Nbd7 7. Bd3 Nf8 8. Nge2 Ng6 9. Ng3 O-O 10. O-O Bd7 11. a3 {1-0 (32) Franchi,G (2200)-Benko,F (2096) Buenos Aires 2004}) 5. Bg5 h6 6. Bh4 {A51: Budapest Gambit, Fajarowicz Variation.} Bb4 7. Qc2 O-O 8. a3 {Black is slightly better.} Be7 (8... Bxc3+ $5 9. Qxc3 {[%mdl 64] Double Attack} d6 $15) 9. Nf3 Nxd5 10. Bxe7 Nxe7 11. Nxe5 d6 12. Nd3 Nf5 13. e3 Qh4 {[#] And now ...Nxe3 would win.} 14. g3 (14. O-O-O $11) 14... Qxc4 $15 15. Nf4 Qc6 ({Better is} 15... Qc5 $17) 16. Bg2 $11 Qe8 17. O-O c6 18. Rad1 $36 {[%mdl 2048] White fights for an advantage.} d5 ({Black should play} 18... Qe5 $11) 19. Rfe1 g5 20. Nfe2 (20. e4 $16 gxf4 21. exd5 {[%mdl 64] Discovered Attack} (21. exf5 Qd7 $14)) 20... Ne7 (20... Qe5 $14) 21. e4 $16 dxe4 $2 {[%mdl 8192]} (21... Nc7 $16) 22. Nxe4 $18 {Nf6+ is the strong threat.} f5 23. Nd6 Qg6 24. Nxc8 Raxc8 25. Rd7 Rc7 26. Nf4 gxf4 27. Rexe7 {Intending Qb3+ and mate.} Rxd7 28. Rxd7 fxg3 $2 (28... Rf7 $16 29. Qc4 Kg7 30. Rxf7+ Qxf7 31. Qxf4 Kg6) 29. hxg3 $2 ({Not} 29. fxg3 Rf7 $11) (29. Qc4+ $18 Kh8 30. hxg3 (30. fxg3 b5 $16)) 29... Rf7 $16 30. Qc4 {Hoping for Rxb7.} Kg7 {[#]} 31. Bxc6 (31. Qd4+ $1 $16 Kh7 32. Bh3) 31... bxc6 $11 32. Rxf7+ Qxf7 33. Qxa6 $16 {[%mdl 4096] Endgame KQ-KQ} Qd5 34. Qb7+ Kg6 35. Qe7 a4 36. Qb4 Qd1+ 37. Kg2 Qd5+ 38. Kg1 Qb5 39. Qd6+ Kh5 40. Qd1+ Kg5 41. f4+ Kg6 {The position is equal.} 42. Qd6+ Kh5 43. Qd1+ Kg6 44. Qd6+ Kf7 45. Qd7+ Kg6 46. Qd6+ Kg7 47. Qe7+ Kg6 48. Qd6+ Kh5 49. Qd1+ {White really could win this. Accuracy: White = 78%, Black = 63%.} 1/2-1/2

[Event "29th CRO-chT Junior 2020"]
[Site "Cakovec"]
[Date "2020.07.16"]
[Round "5.19"]
[White "Troselj, Ivan"]
[Black "Vuk, Sebastijan"]
[Result "1-0"]
[WhiteElo "1857"]
[BlackElo "1382"]
[Annotator "NA RC"]
[PlyCount "105"]
[EventDate "2020.07.14"]
[EventType "team-tourn"]
[EventCountry "CRO"]
[SourceTitle "playchess.com"]
[Source "ChessBase"]
[SourceQuality "1"]
[TimeControl "5400+30"]

{[%evp 8,91,10,14,6,0,12,-1,48,46,53,40,80,9,157,140,153,112,120,125,202,188,211,137,135,108,126,66,85,43,57,22,21,25,69,59,32767,32767,32767,32767,-16,-203,0,0,0,-20,46,0,0,-73,9,32767,32767,32767,32767,0,0,0,0,0,0,32767,32767,32767,32767,0,0,0,0,32767,32767,-8,0,0,32767,32767,32767,32767,32767,32767,32767,-8,0,-8,253,365]} 1. c3 {[%emt 0:00:30]} Nf6 {[%emt 0:00:30]} 2. d4 {[%emt 0:00:00]} d5 {[%emt 0:00:30]} 3. Nf3 {[%emt 0:00:00]} g6 {[%emt 0:00:30]} 4. Bf4 {[%emt 0:01:30]} Bg7 {[%emt 0:00:30]} 5. e3 {[%emt 0:00:30]} O-O {[%emt 0:01:30]} 6. Bd3 {[%emt 0:00:30]} Nc6 {[%emt 0:03:30] D02: 1 d4 d5 2 Nf3 sidelines, including 2...Nf6 3 g3 and 2...Nf6 3 Bf4.} 7. Nbd2 {[%emt 0:00:30]} Bg4 {[%emt 0:01:30]} 8. h3 {[%emt 0:00:00]} Bxf3 {[%emt 0:00:30]} 9. Nxf3 {[%emt 0:01:00] [#]} Nd7 $146 {[%emt 0:00:30]} ({Predecessor:} 9... Ne4 10. Bxe4 dxe4 11. Nd2 f5 12. Qb3+ Kh8 13. Qxb7 e5 14. Qxc6 exf4 15. exf4 Re8 {1-0 (34) Japiassu,G (1522)-Deobrochinski,V (1191) Florianopolis 2020}) 10. O-O {[%emt 0:01:30]} (10. Qb3 $16) 10... f6 {[%emt 0:02:30]} (10... e5 $11 {keeps the balance.} 11. dxe5 Ncxe5) 11. Qb3 {[%emt 0:01:30]} Nb6 {[%emt 0:06:30]} 12. e4 {[%emt 0:00:30]} e5 {[%emt 0:05:30]} 13. dxe5 {[%emt 0:05:30]} fxe5 {[%emt 0:02:30]} (13... Nxe5 $16 {was worth a try.} 14. Nxe5 fxe5) 14. Bg5 {[%emt 0:00:30]} Bf6 {[%emt 0:00:30]} 15. Bxf6 {[%emt 0:00:30]} Rxf6 {[%emt 0:03:30]} 16. exd5 {[%emt 0:01:30]} Qxd5 {[%emt 0:01:30]} 17. c4 {[%emt 0:01:30]} (17. Qc2 $16) 17... Qf7 {[%emt 0:05:30]} 18. Ng5 {[%emt 0:14:30]} Nd4 {[%emt 0:04:30]} 19. Qc3 {[%emt 0:01:30]} Qe7 {[%emt 0:06:30]} 20. Rae1 {[%emt 0:02:30]} Re8 {[%emt 0:10:30]} 21. c5 {[%emt 0:02:30]} Rc6 {[%emt 0:06:30]} 22. b4 {[%emt 0:01:30]} Qxg5 {[%emt 0:05:30]} 23. f4 {[%emt 0:00:00]} Qd8 {[%emt 0:07:30]} ({But not} 23... Nd5 $6 24. Qc4 $16) 24. Be4 $2 {[%emt 0:06:00] [#]} (24. Rxe5 $11 {and White is okay.} Rxe5 25. fxe5) 24... Rf6 $2 {[%emt 0:08:38]} ({Stronger than} 24... Nd5 25. Qc4 $16) (24... Na4 $1 $19 {[%cal Ra4c3]} 25. Qc4+ Rce6 26. Bxb7 c6 27. fxe5 Kh8) 25. cxb6 {[%emt 0:00:30]} axb6 {[%emt 0:03:25]} 26. Bd3 {[%emt 0:05:30] [#]} Nc6 {[%emt 0:06:46]} ({Black should try} 26... e4 $1 $11 {[%mdl 512]}) 27. fxe5 {[%emt 0:05:30]} Rxf1+ {[%emt 0:01:35]} 28. Kxf1 {[%emt 0:04:30]} (28. Bxf1 $11 Qd4+ 29. Qxd4 Nxd4 30. Rd1) 28... Rf8+ {[%emt 0:01:00]} (28... Rxe5 $15 29. Rxe5 Nxe5 30. Qxe5 Qxd3+ 31. Kg1 Qd1+ 32. Kh2 {[#]} Qd6 $1 {[%mdl 512]} 33. Qxd6 cxd6) 29. Kg1 {[%emt 0:00:00]} Qd4+ {[%emt 0:00:44]} 30. Qxd4 {[%emt 0:00:00]} Nxd4 {[%emt 0:00:05]} 31. Bc4+ {[%emt 0:00:30]} Kg7 {[%emt 0:00:14]} 32. Rd1 {[%emt 0:00:30]} Rd8 {[%emt 0:00:55]} 33. Rf1 {[%emt 0:03:30]} Rf8 {[%emt 0:00:32]} 34. Rd1 {[%emt 0:00:30]} Rd8 {[%emt 0:00:24]} 35. Kf2 {[%emt 0:00:30]} Kf8 {[%emt 0:00:24]} 36. Rd3 {[%emt 0:02:30]} Ke7 {[%emt 0:00:58]} 37. b5 {[%emt 0:05:30]} c5 {[%emt 0:01:07]} 38. bxc6 {[%emt 0:02:30]} bxc6 {[%emt 0:00:17]} 39. Ra3 {[%emt 0:02:30]} b5 {[%emt 0:00:11]} 40. Ra7+ {[%emt 0:00:30]} Rd7 {[%emt 0:01:23]} 41. Rxd7+ {[%emt 0:00:30]} Kxd7 {[%emt 0:00:02]} 42. Bg8 {[%emt 0:00:30]} h6 {[%emt 0:00:21]} 43. Bf7 {[%emt 0:00:30]} g5 {[%emt 0:00:54]} 44. Ke3 {[%emt 0:00:30]} c5 {[%emt 0:00:11]} 45. Ke4 {[%emt 0:04:30]} Kc6 $2 {[%emt 0:01:03]} (45... Ne2 $11 {and Black stays safe.}) 46. Be8+ $18 {[%emt 0:00:30]} Kc7 {[%emt 0:02:43]} 47. Kd5 {[%emt 0:00:30]} Kb6 {[%emt 0:00:16]} 48. e6 {[%emt 0:01:30]} Nxe6 {[%emt 0:00:48]} 49. Kxe6 {[%emt 0:00:00]} Ka5 {[%emt 0:00:22]} 50. Kd5 {[%emt 0:00:00]} Kb6 {[%emt 0:00:48]} 51. g4 {[%emt 0:00:30]} b4 {[%emt 0:00:26]} 52. Kc4 {[%emt 0:00:30]} Ka5 {[%emt 0:00:01]} 53. Kxc5 {[%emt 0:00:30]} 1-0

[Event "29th CRO-chT Junior 2020"]
[Site "Cakovec"]
[Date "2020.07.16"]
[Round "5.20"]
[White "Kristofic, Dino"]
[Black "Zekic, Patrik"]
[Result "1/2-1/2"]
[WhiteElo "1290"]
[BlackElo "1699"]
[Annotator "NA RC"]
[PlyCount "108"]
[EventDate "2020.07.14"]
[EventType "team-tourn"]
[EventCountry "CRO"]
[SourceTitle "playchess.com"]
[Source "ChessBase"]
[SourceQuality "1"]
[TimeControl "5400+30"]

1. e4 {[%emt 0:00:30]} e6 {[%emt 0:00:30]} 2. d4 {[%emt 0:00:00]} d5 {[%emt 0:00:00]} 3. exd5 {[%emt 0:01:00]} exd5 {[%emt 0:00:00]} 4. Nf3 {[%emt 0:01:30]} Nf6 {[%emt 0:00:30]} 5. Bd3 {[%emt 0:00:30]} Bd6 {[%emt 0:00:30]} 6. O-O {[%emt 0:01:30]} O-O {[%emt 0:00:30]} 7. Bg5 {[%emt 0:01:30]} Bg4 {[%emt 0:00:30]} 8. h3 {[%emt 0:00:30]} Bh5 {[%emt 0:00:30]} 9. Nbd2 {[%emt 0:00:30]} Nbd7 {[%emt 0:00:30]} 10. c3 {[%emt 0:05:30]} c6 {[%emt 0:00:30]} 11. Re1 {[%emt 0:04:30]} Qc7 {[%emt 0:00:30]} 12. Qc2 {[%emt 0:01:30]} Rfe8 {[%emt 0:01:30]} 13. b3 {[%emt 0:18:30]} Bg6 {[%emt 0:25:30]} 14. Bxg6 {[%emt 0:06:30]} hxg6 {[%emt 0:00:30]} 15. c4 {[%emt 0:05:30]} Bf4 {[%emt 0:07:30]} 16. Bxf4 {[%emt 0:03:30]} Qxf4 {[%emt 0:00:30]} 17. g3 {[%emt 0:01:30]} Qc7 {[%emt 0:31:30]} 18. Qc3 {[%emt 0:07:30]} Ne4 {[%emt 0:04:30]} 19. Nxe4 {[%emt 0:00:30]} dxe4 {[%emt 0:01:30]} 20. Ng5 {[%emt 0:00:30]} Nf6 {[%emt 0:00:30]} 21. Re3 {[%emt 0:01:30]} Qd7 {[%emt 0:05:35]} 22. Rae1 {[%emt 0:02:30]} Qf5 {[%emt 0:00:14]} 23. h4 {[%emt 0:05:30]} Ng4 {[%emt 0:03:15]} 24. R3e2 {[%emt 0:06:30]} Re7 {[%emt 0:01:31]} 25. Qc2 {[%emt 0:01:30]} f6 {[%emt 0:09:49]} 26. Nxe4 {[%emt 0:00:30]} Rae8 {[%emt 0:00:18]} 27. Kg2 {[%emt 0:02:37]} Qd7 {[%emt 0:04:09]} 28. f3 {[%emt 0:02:47]} f5 {[%emt 0:00:37]} 29. fxg4 {[%emt 0:00:51]} fxe4 {[%emt 0:00:07]} 30. Rxe4 {[%emt 0:00:16]} Rxe4 {[%emt 0:00:52]} 31. Rxe4 {[%emt 0:00:15]} Rf8 {[%emt 0:00:26]} 32. Qe2 {[%emt 0:02:01]} b6 {[%emt 0:00:30]} 33. Qe3 {[%emt 0:01:07]} a5 {[%emt 0:00:25]} 34. Rf4 {[%emt 0:00:53]} Re8 {[%emt 0:00:10]} 35. Re4 {[%emt 0:00:30]} Rf8 {[%emt 0:00:05]} 36. a4 {[%emt 0:00:32]} b5 {[%emt 0:01:24]} 37. g5 {[%emt 0:02:08]} Kh7 {[%emt 0:00:31]} 38. Qd3 {[%emt 0:01:16]} Qf5 {[%emt 0:00:22]} 39. Qe2 {[%emt 0:01:59]} Qd7 {[%emt 0:00:18]} 40. Qg4 {[%emt 0:02:11]} Qd6 {[%emt 0:00:46]} 41. h5 {[%emt 0:00:51]} Rf5 {[%emt 0:00:33]} 42. hxg6+ {[%emt 0:01:13]} Qxg6 {[%emt 0:00:15]} 43. Qh3+ {[%emt 0:01:17]} Kg8 {[%emt 0:00:04]} 44. Re8+ {[%emt 0:00:17]} Qxe8 {[%emt 0:01:02]} 45. Qxf5 {[%emt 0:00:13]} Qe2+ {[%emt 0:00:07]} 46. Kh3 {[%emt 0:00:49]} Qh5+ {[%emt 0:00:08]} 47. Kg2 {[%emt 0:00:14]} Qe2+ {[%emt 0:00:01]} 48. Qf2 {[%emt 0:00:15]} Qe4+ {[%emt 0:00:05]} 49. Kh2 {[%emt 0:00:34]} Qh7+ {[%emt 0:00:41]} 50. Kg2 {[%emt 0:00:54]} Qe4+ {[%emt 0:00:03]} 51. Kf1 {[%emt 0:00:47]} Qd3+ {[%emt 0:00:31]} 52. Ke1 {[%emt 0:00:22]} bxc4 {[%emt 0:00:45]} 53. bxc4 {[%emt 0:00:32]} Qxc4 {[%emt 0:00:07]} 54. g6 {[%emt 0:00:29]} Qe6+ {[%emt 0:00:16]} 1/2-1/2

[Event "29th CRO-chT Junior 2020"]
[Site "Cakovec"]
[Date "2020.07.16"]
[Round "6.1"]
[White "Haidinger, Erik"]
[Black "Tomulic, Teo"]
[Result "0-1"]
[WhiteElo "1767"]
[BlackElo "2359"]
[Annotator "TA"]
[PlyCount "66"]
[EventDate "2020.07.14"]
[EventType "team-tourn"]
[EventCountry "CRO"]
[SourceTitle "playchess.com"]
[Source "ChessBase"]
[SourceQuality "1"]

{[%evp 9,66,-75,-77,-134,-131,-136,-98,-95,-87,-85,-94,-96,-106,-104,-101,-88,-70,-93,-78,-137,-133,-134,-116,-123,-129,-241,-120,-241,-237,-426,-440,-562,-550,-621,-601,-556,-365,-271,-252,-1719,-1644,-1450,-2939,-2780,-2789,-2556,-2520,-2356,-2193,-641,-2073,-5406,-5406,-29981,-29982,-29984,-29984,-29997,-29998]} 1. d4 d5 2. Bf4 c5 3. e3 Nc6 4. Nd2 cxd4 5. exd4 Nxd4 {[#]} 6. c3 $146 {[#] D00: 1 d4 d5: Unusual lines.} (6. Ngf3 $142 Nxf3+ 7. Nxf3 (7. Qxf3 Nf6 $15)) ({Predecessor:} 6. Ngf3 Nxf3+ 7. Nxf3 f6 8. Bb5+ Bd7 9. Qxd5 Qa5+ 10. Bd2 Qxb5 11. Qxb5 Bxb5 12. Nd4 Bd7 13. O-O e5 14. Rfe1 Ne7 15. Nb3 Rc8 16. Rac1 g5 17. Bb4 {1-0 (17) Ong,A (1448)-Atkins,A ICCF email 2017}) 6... Nc6 $1 $17 7. Bb5 a6 8. Bxc6+ {Black is better.} bxc6 9. Ngf3 e6 10. O-O Bd6 11. Bxd6 Qxd6 12. Re1 Nf6 13. Ne5 O-O 14. f4 (14. b4 $142) 14... c5 15. Re3 Bb7 16. Rh3 Rad8 17. g4 (17. Qe1 $17) 17... Ne4 (17... d4 $19 {...dxc3 is the strong threat.} 18. c4 Nd7) 18. g5 {[#] This costs White the game.} (18. Nxe4 $17 dxe4 19. Qxd6 Rxd6 20. Nc4) 18... Nxg5 $1 $19 {[%mdl 512]} 19. Rg3 $2 (19. fxg5 Qxe5 20. Qh5) 19... f6 20. Qh5 d4 {And now ...dxc3 would win.} 21. c4 fxe5 22. Qxg5 {[%csl Gg3][%cal Rg5g7]} Rd7 {[%cal Bd8d7,Bd7f7,Bf7f3][%mdl 32]} 23. Qxe5 Rxf4 24. Qh5 $2 (24. Qxd6 Rxd6 25. Nb3) 24... Qc6 {[%csl Gb7][%cal Rc6h1]} 25. Nf3 Rdf7 {[%cal Rf4f3]} 26. Rf1 Rxf3 27. Rgxf3 Rxf3 28. Rxf3 Qxf3 {[%csl Gb7][%cal Rf3g2]} 29. Qe8+ Qf8 30. Qxe6+ Kh8 31. Qe5 h6 {Black mates.} 32. b4 Qf3 {[%csl Gb7][%cal Rf3g2]} 33. Qe8+ Kh7 {Accuracy: White = 39%, Black = 74%.} 0-1